00470nam a2200181 a 450000100060000000300080000600500170001400800410003103500190007204000260009104100080011708200220012510000200014724500410016726000310020830000290023965000200026879716BD-RjUL20240124141748.0240124s1894 enk 000 1 eng d a(BD-RjUL)79716 aBD-RjULbengcBD-RjUL aeng 223a823bTHC 18941 aThackeray, W.M.10aChristmas books /cby W.M. Thackeray aLondon :bJ.M.dent,c1894. a349 p. :bill. ;c20 cm. aEnglish fiction